000 00359nam a22001457a 4500
003 OSt
008 220611b ||||| |||| 00| 0 eng d
020 _a9788126519934
082 _a006.33 GOA
100 _aGOEL, Lavika
245 _aArtificial Intelligence: Concept and Applications
260 _aNew Delhi
_bWiley
_c2021
300 _a755
942 _2ddc
_cBK
999 _c11312
_d11312